| 000 | 00371 a2200157 4500 | ||
|---|---|---|---|
| 001 | 158959 | ||
| 020 | _a | ||
| 040 | _cMagnum | ||
| 100 | _aRodrigues, Rosicler Martins | ||
| 240 | 1 | 0 |
_aVida na terra; conhecer para proteger _lpor |
| 245 | 1 | 0 | _aVida na terra; conhecer para proteger |
| 362 | 0 | _a1899 | |
| 440 | 1 | _aModerna | |
| 697 | _aMAGNITO: COLECAO | ||
| 942 | _cBK | ||
| 999 |
_c158959 _d158959 |
||